[Los Caprichos] [ (Record no. 180702)

MARC details
000 -LEADER
campo de control de longitud fija 01135nkm a2200253 i 4500
001 - NÚMERO DE CONTROL
campo de control 180702
003 - IDENTIFICADOR DE NÚMERO DE CONTROL
campo de control ES-MaACL
005 - FECHA Y HORA DE LA ÚLTIMA TRANSACCIÓN
campo de control 20250822062536.0
007 - CAMPO FIJO DE DESCRIPCIÓN FÍSICA--INFORMACIÓN GENERAL
campo de control de longitud fija kioco
008 - DATOS DE LONGITUD FIJA--INFORMACIÓN GENERAL
campo de control de longitud fija 120627q1850 sp --- |00 #@0
080 ## - NÚMERO DE LA CLASIFICACIÓN DECIMAL UNIVERSAL
Número de la Clasificación Decimal Universal 76 Goya y Lucientes, Francisco de. Caprichos
100 1# - ENTRADA PRINCIPAL--NOMBRE DE PERSONA
Nombre de persona Goya, Francisco de,
Fechas asociadas al nombre 1746-1828
Término indicativo de función/relación Autor
9 (RLIN) 240353
245 15 - MENCIÓN DEL TÍTULO
Título [Los Caprichos] [
Medio Material gráfico] /
Mención de responsabilidad, etc. [Francisco Goya y Lucientes].
260 ## - PUBLICACIÓN, DISTRIBUCIÓN, ETC.
Lugar de publicación, distribución, etc. [Madrid :
Nombre del editor, distribuidor, etc. Real Academia de Bellas Artes de San Fernando,
Fecha de publicación, distribución, etc. ca. 1850] (
Fabricante Calcografía Nacional)
300 ## - DESCRIPCIÓN FÍSICA
Extensión 1 álbum (80 estampas sobre papel avitelado grueso de color crema) :
Otras características físicas aguafuerte, aguatinta, punta seca y buril ;
Dimensiones huella de la plancha 215 x 150 mm o menos.
500 ## - NOTA GENERAL
Nota general Datos deducidos del ejemplar.
594 ## - Nota al título y mención de responsabilidad
Nota al título y mención de responsabilidad Mención de responsabilidad tomada del primer grabado.
600 17 - PUNTO DE ACCESO ADICIONAL DE MATERIA--NOMBRE DE PERSONA
Nombre de persona Goya, Francisco de,
Fechas asociadas al nombre 1746-1828.
Título de la obra Los caprichos
9 (RLIN) 150780
650 #4 - PUNTO DE ACCESO ADICIONAL DE MATERIA--TÉRMINO DE MATERIA
Término de materia o nombre geográfico como elemento de entrada Aguafuerte-
Subdivisión geográfica España-
Subdivisión cronológica S.XIX.
9 (RLIN) 160388
710 2# - ENTRADA AGREGADA--NOMBRE DE ENTIDAD CORPORATIVA
Nombre de entidad corporativa o nombre de jurisdicción como elemento de entrada Calcografía Nacional (España)
9 (RLIN) 2350
852 ## - LOCALIZACIÓN
Ubicación ES-MaACL
Número de control de estantería R-1730
Nota libre - Enc. pasta española
Encuadernación Olim: G-5781
942 ## - ELEMENTOS DE ENTRADA SECUNDARIOS (KOHA)
Fuente del sistema de clasificación o colocación Clasificación decimal universal
Tipo de ítem Koha Grabado
Holdings
Estatus retirado Estado de pérdida Fuente del sistema de clasificación o colocación Estado de daño No para préstamo Biblioteca de origen Biblioteca actual Ubicación en estantería Fecha de adquisición Total de préstamos Signatura topográfica completa Código de barras Visto por última vez Precio de reemplazo Tipo de ítem Koha
    Clasificación decimal universal     Biblioteca del Ateneo de Madrid Biblioteca del Ateneo de Madrid Depósito 27/06/2012   R-1730 1189883 23/02/2023 23/02/2023 Grabado